000 00350 a2200169 4500
001 73355
020 _a8502040324
040 _cAnchieta - Colégio São Paulo
100 _aLopes, Sônia
240 1 0 _aBio
_lpor
245 1 0 _aBio
300 _a430
362 0 _a2002
440 1 _aSaraiva
650 4 _aCiência da vida - Biologia
942 _cBK
999 _c73355
_d73355